000 01237nam1a22002531 4500
001 rc\202797
005 20030307114033.0
035 _a(NLR Aleph) 005621646
090 _a6500508
_c6500508
100 _a20030307d1992 u |0rusy50 ca
101 0 _arus
102 _aRU
105 _ay |||||||||
200 1 _aТрадиции отечественного византиноведения XVIII-XX вв. Византиноведение в СССР
_e(К XVIII Междунар. конгр. византинистов, Москва, 8-15 авг. 1991 г.)
_eКат. кн.-ил. выст.
_e[В 2 ч.]
_fМ-во культуры Рос. Федерации, Рос. акад. наук, Гос. публ. ист. б-ка и др.
_g[Составители Алексеева Г.К. и др.
_gРед. Киреева М.В.]
210 _aМ.
_cГПИБ
_d1992
215 _d21
300 _aВ надзаг. также: ИНИОН Рос. акад. наук, Б-ка МГУ
702 1 _aАлексеева
_bГ. К.
_4220
712 0 2 _aПубличная историческая б-ка России
_3RU\NLR\AUTH\888732
801 0 _aRU
_bNLR
_gpsbo
801 1 _aRU
_bELAR
_2rusmarc
852 _aNLR
_bС
_jК-2/5720
942 _cBOOK
980 _aNB